LEADER 00932nam0 2200241 450 001 000002469 005 20050630115700.0 100 $a--------d1973----km-y0itay50------ba 101 - $aita 102 $aIT 200 1 $aStime sulla dimensione del pubblico impiego in Italia$etendenze evolutive e previsioni (1951-1968-1985)$fdi Eugenia Malfatti 210 $aMilano$cGiuffrè$d1973 215 $aXIII, 148 p.$d25 cm 225 2 $aMonografie$fSVIMEZ, Associazione per lo sviluppo dell'industria nel mezzogiorno "Centro per gli studi sullo sviluppo economico" 410 0$12001$aMonografie 610 1 $aImpiego pubblico$aItalia$aPrevisioni$a1968-1985 676 $a351.1 700 1$aMalfatti,$bEugenia$0174374 801 0$aIT $bUNIPARTHENOPE $gRICA $2UNIMARC 912 $a000002469 951 $cNAVA1$aSVI-I°-338.9/28$b20367$d20010125 996 $aStime sulla dimensione del pubblico impiego in Italia$9540120 997 $aUNIPARTHENOPE LEADER 01352nam 2200349Ia 450 001 996387278803316 005 20221108051822.0 035 $a(CKB)1000000000632163 035 $a(EEBO)2240942113 035 $a(UnM)99896815 035 $a(UnM)9928738500971 035 $a(EXLCZ)991000000000632163 100 $a19981210d1688 uy | 101 0 $aeng 135 $aurbn||||a|bb| 200 10$aOates new shams discovered: and how they carried it on from time to time$b[electronic resource] $esent in a letter to his Grace James Duke of Monmouth from Doctor Titus Oates 210 $aLondon $cprinted for Absalon Chamberlain, in Red-bull play-house-yard over against the Pound in St. John-street; near Clerken-well-green$d[1688?] 215 $a1 sheet ([2] p.) 300 $aReproduction of original in the Folger Shakespeare Library. 330 $aeebo-0055 606 $aPopish Plot, 1678$vEarly works to 1800 607 $aGreat Britain$xHistory$yJames II, 1685-1688$vEarly works to 1800 608 $aBroadsides$2rbgenr 615 0$aPopish Plot, 1678 700 $aOates$b Titus$f1649-1705.$01001398 801 0$bCu-RivES 801 1$bCu-RivES 801 2$bWaOLN 906 $aBOOK 912 $a996387278803316 996 $aOates new shams discovered: and how they carried it on from time to time$92340609 997 $aUNISA